000 00336nam a2200133Ia 4500
008 230524s9999 xx 000 0 und d
020 _a9788125942702
100 _aSusant K.Rout
245 0 _aTips and Trics on C Programming
260 _bVikas publishing House
500 _aQuantity Number: 100
650 _aComp-Sc
942 _cBK
999 _c50705
_d50705